Die Philosophie der Griechen in ihrer geschichtlichen Entwicklung.

Đã lưu trong:
Chi tiết về thư mục
Tác giả chính: Zeller, Eduard (Tác giả)
Định dạng: Sách
Được phát hành: Hildesheim, Deustschland: Georg Olms, 1990.
Những chủ đề:
Các nhãn: Thêm thẻ
Không có thẻ, Là người đầu tiên thẻ bản ghi này!

MARC

LEADER 00000nam a22000007a 4500
003 CL-VaPUC
005 20220822114752.0
008 220801t1990 ||||| |||| 00| 0 eng d
999 |c 437795  |d 437793 
020 |a 3-487-09104-6 (I/1) 
020 |a 3-487-09105-4 (I/2) 
020 |a 3-487-09106-2 (II/1) 
020 |a 3-487-09107-0 (II/2) 
020 |a 3-487-09108-9 (III/1) 
020 |a 3-487-09109-7 (III/2) 
040 |c Pontificia Universidad Católica de Valparaíso 
082 7 |a 180 ZEL 1990  |2 22 
100 1 |a Zeller, Eduard  |e author  |9 874440 
245 |a Die Philosophie der Griechen in ihrer geschichtlichen Entwicklung.  
260 |a Hildesheim, Deustschland:   |b Georg Olms,   |c 1990. 
300 |a Tres partes, cada parte en dos divisiones. 
500 |a Tres partes, cada parte en dos divisiones.c.1 Donación Familia Prof. Alejandro Guzmán Brito. 
505 |a p.I/1. Allgemeine Einleitung Vorsokratische Philosophie, erste Hälfte. p.I/2. Allgemeine Einleitung Vorsokratische Philosophie, zweite Hälfte p.II/1.Sokrates und die Sokratiker Plato und die Alte Akademie Der gegenwärtige Stand der Platonforschung [im Anhang] von Ernst Hoffmann. p.II/2. Aristoteles und die alten Peripatetiker. p.III/1. Die nacharistotelische Philosophie, erste Hälfte. p.III/2. Die nacharistotelische Philosophie, zweite Hälfte. 
583 |c 20220801  |k Cristina María Rojas Aguilar 
650 |a Filosofía griega   |x Historia   |9 870934 
942 |2 ddc  |c BK  |n 0 
952 |0 0  |1 0  |2 ddc  |4 0  |6 180_000000000000000_ZEL_1990  |7 0  |8 C_AGB  |9 585611  |a BIBDER  |b BIBDER  |d 2022-08-01  |e Donación   |h p.I/1  |i 5653639  |o 180 ZEL 1990  |p 5653639  |r 2023-01-25  |t 1  |w 2022-08-01  |y BK_US  |k AGB 
952 |0 0  |1 0  |2 ddc  |4 0  |6 180_000000000000000_ZEL_1990  |7 0  |8 C_AGB  |9 585612  |a BIBDER  |b BIBDER  |d 2022-08-01  |e Donación   |h p.I/2  |i 5653640  |o 180 ZEL 1990  |p 5653640  |r 2023-01-25  |t 1  |w 2022-08-01  |y BK_US  |k AGB 
952 |0 0  |1 0  |2 ddc  |4 0  |6 180_000000000000000_ZEL_1990  |7 0  |8 C_AGB  |9 585613  |a BIBDER  |b BIBDER  |d 2022-08-01  |e Donación   |h p.II/1  |i 5653641  |o 180 ZEL 1990  |p 5653641  |r 2023-01-25  |t 1  |w 2022-08-01  |y BK_US  |k AGB 
952 |0 0  |1 0  |2 ddc  |4 0  |6 180_000000000000000_ZEL_1990  |7 0  |8 C_AGB  |9 585614  |a BIBDER  |b BIBDER  |d 2022-08-01  |e Donación   |h p.II/2  |i 5653642  |o 180 ZEL 1990  |p 5653642  |r 2023-01-25  |t 1  |w 2022-08-01  |y BK_US  |k AGB 
952 |0 0  |1 0  |2 ddc  |4 0  |6 180_000000000000000_ZEL_1990  |7 0  |8 C_AGB  |9 585615  |a BIBDER  |b BIBDER  |d 2022-08-01  |e Donación   |h p.III/1  |i 5653643  |o 180 ZEL 1990  |p 5653643  |r 2023-01-25  |t 1  |w 2022-08-01  |y BK_US  |k AGB 
952 |0 0  |1 0  |2 ddc  |4 0  |6 180_000000000000000_ZEL_1990  |7 0  |8 C_AGB  |9 585616  |a BIBDER  |b BIBDER  |d 2022-08-01  |e Donación   |h p.III/2  |i 5653644  |o 180 ZEL 1990  |p 5653644  |r 2023-01-25  |t 1  |w 2022-08-01  |y BK_US  |k AGB